Public Finance in Developing Countries (Record no. 5536)

MARC details
005 - DATE AND TIME OF LATEST TRANSACTION
control field 20250627075524.0
020 ## - INTERNATIONAL STANDARD BOOK NUMBER
International Standard Book Number 0297786458
082 ## - DEWEY DECIMAL CLASSIFICATION NUMBER
Classification number 336.091724 PRE
100 ## - MAIN ENTRY--PERSONAL NAME
Author name PREST,A.R.
245 ## - TITLE STATEMENT
Title Public Finance in Developing Countries
250 ## - EDITION STATEMENT
Edition statement 3rd Ed.
260 ## - PUBLICATION, DISTRIBUTION, ETC.
Place of publication, distribution, etc. London.
Name of publisher, distributor, etc. ELBS
Date of publication, distribution, etc. 1985
300 ## - PHYSICAL DESCRIPTION
Extent xiii,236p.
Other physical details index
Dimensions 21cm.
942 ## - ADDED ENTRY ELEMENTS (KOHA)
Source of classification or shelving scheme Dewey Decimal Classification
Koha item type Books
Holdings
Date last seen Total checkouts Full call number Barcode Cost, replacement price Price effective from Koha item type Lost status Source of classification or shelving scheme Damaged status Not for loan Withdrawn status Home library Current library Shelving location Date acquired Source of acquisition Cost, normal purchase price
06/27/2025   336.091724 PRE DOM000750 45000.00 06/27/2025 Books   Dewey Decimal Classification       CBE Dodoma CBE Dodoma General Collection 03/20/1986 Library budget 15000.00
06/28/2025   336.091724 PRE DOM0003492 45000.00 06/28/2025 Books   Dewey Decimal Classification       CBE Dodoma CBE Dodoma General Collection 03/20/1986   15000.00